Understanding information technology : (Record no. 101834)

MARC details
000 -LEADER
fixed length control field 00744nam a22002297a 4500
005 - DATE AND TIME OF LATEST TRANSACTION
control field 20181205115334.0
010 ## - LCCN (DPL NO)
LC control number ENG-115645
020 ## - INTERNATIONAL STANDARD BOOK NUMBER
International Standard Book Number 9789351436782
Terms of availability 360.00
035 ## - SYSTEM CONTROL NUMBER
System control number EN-99177
037 ## - SOURCE OF ACQUISITION
Source of stock number/acquisition DBAD/PUB
082 ## - DEWEY DECIMAL CLASSIFICATION NUMBER
Classification number 004.076
100 ## - MAIN ENTRY--PERSONAL NAME
Personal name Trivedi,Om S.
245 ## - TITLE STATEMENT
Title Understanding information technology :
Statement of responsibility, etc by Om S.Trivedi; edited by Eesha Narang
Remainder of title a srlf-study module /
250 ## - EDITION STATEMENT
Edition statement 3rd ed.
260 ## - PUBLICATION, DISTRIBUTION, ETC. (IMPRINT)
Place of publication, distribution, etc Gurgaon
Name of publisher, distributor, etc Lexis Nexis
Date of publication, distribution, etc 2016
270 ## - ADDRESS
Address 14th Floor, Building No.10, Tower-B, DLF Cyber City, Phase-II
City Gurgaon
Postal code 122002
300 ## - PHYSICAL DESCRIPTION
Extent xxxiii,303p :
Dimensions 28cm(pbk)
Other physical details ill.
490 ## - SERIES STATEMENT
Series statement CA intermediate(IPC)
500 ## - GENERAL NOTE
General note Includes Glossary
700 ## - ADDED ENTRY--PERSONAL NAME
Personal name Narang,Eesha
942 ## - ADDED ENTRY ELEMENTS (KOHA)
Source of classification or shelving scheme Dewey Decimal Classification
Item type English Books
Call number suffix TRI
Classification part 004.076
Holdings
Withdrawn status Lost status Not for loan Collection code Home library Current library Date acquired Source of acquisition Cost, normal purchase price Full call number Barcode Copy number Cost, replacement price Koha item type
    Not For Loan Fiction D.B.Act.Division Bawana 05/08/2016 DBAD/PUB 360.00 004.076 TRI EN-99177 1 360.00 English Books

© Delhi Public Library
Hit Counter
free hit counter